000 00599nam a2200193Ia 4500
005 20250508165920.0
008 008 250505s9999 xx 000 0 eng d
037 _aReference
040 _aFEDL
_beng
_cFEDL
041 _aeng
_2eng
084 _a153.9, STE/RR
_qFEDL
100 _aSternberg Robert J Ed.
245 0 _aHandbook of intelligence
260 _aNew York, USA
_bCambridge University Press
_c2000
300 _axiii, 677p.
546 _aGifted by H.O.D. Namita Ranganathan in memory of Prof. Arvind Gaysu
942 _cREF
_h153.9, STE/RR
999 _c1398166
_d1398166